Využitie Business Intelligence pri rozhodovacích procesoch dizertačná práca

Na minha lista:
Detalhes bibliográficos
Autor principal: Vlasko, Martin
Autor Corporativo: Fakulta hospodárskej informatiky EU. Katedra aplikovanej informatiky
Outros Autores: Závodný, Peter
Formato: Livro
Idioma:eslovaco
Publicado em: Bratislava 2008
Assuntos:
Tags: Adicionar Tag
Sem tags, seja o primeiro a adicionar uma tag!

MARC

LEADER 00000nam$a2200000$$$4500
001 0081223
005 20240318125228.1
041 0 |a slo 
044 |a SK 
245 1 0 |a Využitie Business Intelligence pri rozhodovacích procesoch  |b dizertačná práca  |c Martin Vlasko ; škol. Peter Závodný 
264 1 |a Bratislava  |c 2008 
300 |a 113 s. 
610 2 0 |a procesy rozhodovacie 
610 2 0 |a technológie informačné 
610 2 0 |a spoločnosť informačná 
610 2 0 |a systémy informačné 
610 2 0 |a systémy informačné podnikové 
100 1 |a Vlasko, Martin 
700 1 |a Závodný, Peter 
710 2 |a Fakulta hospodárskej informatiky EU. Katedra aplikovanej informatiky